<?xml version="1.0" encoding="UTF-8"?>
<record
    xmlns:xsi="http://www.w3.org/2001/XMLSchema-instance"
    xsi:schemaLocation="http://www.loc.gov/MARC21/slim http://www.loc.gov/standards/marcxml/schema/MARC21slim.xsd"
    xmlns="http://www.loc.gov/MARC21/slim">

  <leader>00830nam a2200301 i 4500</leader>
  <controlfield tag="001">81262</controlfield>
  <controlfield tag="003">ES-MaBCM</controlfield>
  <controlfield tag="005">20241016120840.0</controlfield>
  <controlfield tag="008">020313s2001    esp           000 0 spa d</controlfield>
  <datafield tag="017" ind1=" " ind2=" ">
    <subfield code="a">B.38049-2001</subfield>
  </datafield>
  <datafield tag="020" ind1=" " ind2=" ">
    <subfield code="a">84-7290-173-4</subfield>
  </datafield>
  <datafield tag="021" ind1=" " ind2=" ">
    <subfield code="a">xx</subfield>
  </datafield>
  <datafield tag="035" ind1=" " ind2=" ">
    <subfield code="a">(OCoLC)733641263</subfield>
  </datafield>
  <datafield tag="040" ind1=" " ind2=" ">
    <subfield code="c">ES-MaBCM</subfield>
  </datafield>
  <datafield tag="041" ind1="0" ind2=" ">
    <subfield code="a">spa</subfield>
  </datafield>
  <datafield tag="043" ind1=" " ind2=" ">
    <subfield code="a">esp</subfield>
  </datafield>
  <datafield tag="080" ind1=" " ind2=" ">
    <subfield code="a">296(6-15)</subfield>
  </datafield>
  <datafield tag="080" ind1=" " ind2=" ">
    <subfield code="a">325.4(6-15)</subfield>
  </datafield>
  <datafield tag="100" ind1="1" ind2=" ">
    <subfield code="a">Sanneh, Lamin</subfield>
    <subfield code="9">42427</subfield>
  </datafield>
  <datafield tag="245" ind1="1" ind2="3">
    <subfield code="a">La corona y el turbante</subfield>
    <subfield code="b">: el Islam en las sociedades del &#xC1;frica occidental</subfield>
    <subfield code="c">Lamin Sanneh</subfield>
  </datafield>
  <datafield tag="260" ind1=" " ind2=" ">
    <subfield code="a">Barcelona :</subfield>
    <subfield code="b">Bellaterra,</subfield>
    <subfield code="c">2001</subfield>
  </datafield>
  <datafield tag="300" ind1=" " ind2=" ">
    <subfield code="a">389 p.</subfield>
    <subfield code="c">22 cm</subfield>
  </datafield>
  <datafield tag="440" ind1=" " ind2="0">
    <subfield code="a">Biblioteca del Islam contempor&#xE1;neo / Temas</subfield>
    <subfield code="9">101854</subfield>
  </datafield>
  <datafield tag="650" ind1="2" ind2="7">
    <subfield code="a">Islamismo</subfield>
    <subfield code="9">59089</subfield>
  </datafield>
  <datafield tag="650" ind1="2" ind2="7">
    <subfield code="a">Colonialismo</subfield>
    <subfield code="9">57957</subfield>
  </datafield>
  <datafield tag="651" ind1="2" ind2="0">
    <subfield code="a">&#xC1;frica occidental</subfield>
    <subfield code="9">125982</subfield>
  </datafield>
  <datafield tag="942" ind1=" " ind2=" ">
    <subfield code="c">BK</subfield>
  </datafield>
  <datafield tag="999" ind1=" " ind2=" ">
    <subfield code="c">81262</subfield>
    <subfield code="d">81262</subfield>
  </datafield>
  <datafield tag="952" ind1=" " ind2=" ">
    <subfield code="0">0</subfield>
    <subfield code="1">0</subfield>
    <subfield code="2">CDU</subfield>
    <subfield code="4">0</subfield>
    <subfield code="7">0</subfield>
    <subfield code="a">BC</subfield>
    <subfield code="b">BC</subfield>
    <subfield code="c">SALA</subfield>
    <subfield code="d">2002-03-13</subfield>
    <subfield code="e">C</subfield>
    <subfield code="i">56869</subfield>
    <subfield code="k">56869</subfield>
    <subfield code="l">0</subfield>
    <subfield code="o">43048</subfield>
    <subfield code="p">1003840</subfield>
    <subfield code="w">2002-03-13</subfield>
    <subfield code="y">BK</subfield>
  </datafield>
</record>
